Словотворчий потенціал лексики у текстах пісень групи "Evanescense" (Запис № 283991)
[ простий вигляд ]
| 000 -LEADER | |
|---|---|
| fixed length control field | 01942nam a22001577a 4500 |
| 041 ## - LANGUAGE CODE | |
| Language code of text/sound track or separate title | ukr |
| 080 ## - UNIVERSAL DECIMAL CLASSIFICATION NUMBER | |
| Universal Decimal Classification number | 09 |
| 090 ## - LOCALLY ASSIGNED LC-TYPE CALL NUMBER (OCLC); LOCAL CALL NUMBER (OCLC) | |
| Local cutter number (OCLC) ; Book number/undivided call number, CALL (RLIN) | МАК |
| 100 ## - MAIN ENTRY--PERSONAL NAME | |
| Personal name | Маковецька Ю. В. |
| 245 ## - TITLE STATEMENT | |
| Title | Словотворчий потенціал лексики у текстах пісень групи "Evanescense" |
| 260 ## - PUBLICATION, DISTRIBUTION, ETC. (IMPRINT) | |
| Place of publication, distribution, etc | Острог |
| Name of publisher, distributor, etc | КАФ |
| Date of publication, distribution, etc | 2007 |
| 300 ## - PHYSICAL DESCRIPTION | |
| Extent | 53 |
| 520 ## - SUMMARY, ETC. | |
| Summary, etc | Вступ<br/>Розділ 1 Загальні особливості словотвору англійської мови<br/>1.1 Морфологічна структура слова<br/>1.1.1 Слово основна одиниця лексикологічного дослідження<br/>1.1.2 Коерневі та афіксальні морфеми<br/>1.1.3 Вільні, зв"язані, відносно вільні та відносно зв"язані морфеми<br/>1.1.4 Напівафікси<br/>1.2 Продуктивні способи словотворення англійської мови<br/>1.2.1 Афіксація (суфіксація та префіксація)<br/>1.2.2 Конверсія<br/>1.2.3 Словоскладання<br/>1.2.4 Телескопія<br/>Розділ 2 Особливості словотвору пісень групи "Evanescense"<br/>2.1 Словотвір у поезії <br/>2.2 Суфіксальний спосіб словотвору в текстах пісень групи "Evanescense"<br/>2.3 Префіксальний спосіб словотвору в текстах пісень групи "Evanescense"<br/>2.4 Конверсія як словотворча модель в тестах пісень групи <br/>2.5 Скорочення як словотворча модель в текстах групи "Evanescense"<br/>2.6 Словоскладання як словотворча модель в текстах пісень групи <br/>Висновки |
| -- | словотвор, "Evanescense" |
| 650 ## - SUBJECT ADDED ENTRY--TOPICAL TERM | |
| Topical term or geographic name as entry element | Research Papers |
| 942 ## - ADDED ENTRY ELEMENTS (KOHA) | |
| Koha item type | Книги |
| Withdrawn status | Lost status | Source of classification or shelving scheme | Damaged status | Not for loan | Home library | Current library | Date acquired | Source of acquisition | Cost, normal purchase price | Total Checkouts | Total Renewals | Full call number | Barcode | Checked out | Date last seen | Date checked out | Price effective from | Koha item type |
|---|---|---|---|---|---|---|---|---|---|---|---|---|---|---|---|---|---|---|
| Universal Decimal Classification | ВІЛ - Відділ іноземн. літератури НБ | ВІЛ - Відділ іноземн. літератури НБ | 09/10/2020 | Акт №1 | 1.00 | 1 | 2 | 09 | 213964 | 13/10/2019 | 31/01/2019 | 31/01/2019 | 16/04/2009 | Книги |